000 00358nam a2200133Ia 4500
008 151001s9999||||xx |||||||||||||| ||und||
100 _aसुरेंद्र कुमार सैनी
245 _aएक सफर छोटासा
250 _a1
260 _bअभिव्यक्ती
260 _c2009
300 _a120
365 _b21
999 _c999266
_d999263